000 00596cam a2200229 4500
008 090401t1988 xxu||||| |||| 00| 0 eng d
020 _a0112428207
035 _a(Sirsi) u61019
041 _aeng
050 _a630.0212
110 _aMinistry of Agriculture
_91876
245 _aFarm incomes in the United Kingdom 1988
260 _aLondon
_bHMSO
_c1988
300 _av,126p. : ill.,maps ; 30cm.
350 _a14
520 _aBased on Farm Business Survey .
650 _aFARMING
650 _aSTATISTICS
710 _aFisheries and Food
_91879
942 _n0
948 _c04/03/1997
999 _c94284
_d94284